LIBRARY & INFORMATION CENTRE, KCAET, TAVANUR

ONLINE PUBLIC ACCESS CATALOGUE (OPAC)

Science of Horticulture- Vol.2 (Record no. 14237)

MARC details
000 -LEADER
fixed length control field 00293nam a22001217a 4500
020 ## - INTERNATIONAL STANDARD BOOK NUMBER
ISBN 9789380235486
082 ## - DEWEY DECIMAL CLASSIFICATION NUMBER
Classification number 635
Item number PET/TH
100 ## - MAIN ENTRY--AUTHOR NAME
Personal name Peter, K .V
245 ## - TITLE STATEMENT
Title Science of Horticulture- Vol.2
260 ## - PUBLICATION, DISTRIBUTION, ETC. (IMPRINT)
Place of publication New Delhi
Name of publisher New India Publishing Agency
Year of publication 2011
300 ## - PHYSICAL DESCRIPTION
Number of Pages 348
942 ## - ADDED ENTRY ELEMENTS (KOHA)
Koha item type Books
Holdings
Withdrawn status Lost status Damaged status Collection code Home library Current library Shelving location Date acquired Source of acquisition Cost, normal purchase price Full call number Accession Number Koha item type
        KAUAET KAUAET General Stacks 07/06/2016 Universal Research Books, Thrissur 1600.00 635 PET/TH 24318 Books
free website counter